ბათუმის შოთა რუსთაველის სახელმწიფო უნივერსიტეტის ბიბლიოთეკა

საბათქაშე სამუშაოთა წარმოების ტექნოლოგია (ბიბ.ჩანაწერი № 43783)

000 -LEADER
fixed length control field 00850nam a2200241Ia 4500
001 - CONTROL NUMBER
control field 10528
003 - CONTROL NUMBER IDENTIFIER
control field GE_BSU
008 - FIXED-LENGTH DATA ELEMENTS--GENERAL INFORMATION
fixed length control field 181216s||||||||xx |||||||||||||| ||und||
020 ## - INTERNATIONAL STANDARD BOOK NUMBER
International Standard Book Number 9994057243
040 ## - CATALOGING SOURCE
Transcribing agency GE_BSU
080 ## - UNIVERSAL DECIMAL CLASSIFICATION NUMBER
Universal Decimal Classification number 698(02)(075.8)
100 ## - MAIN ENTRY--PERSONAL NAME
Personal name ბაქანიძე,შ.
245 ## - TITLE STATEMENT
Title საბათქაშე სამუშაოთა წარმოების ტექნოლოგია
245 ## - TITLE STATEMENT
Remainder of title სახ–ლო
245 ## - TITLE STATEMENT
Statement of responsibility, etc. რედ.თამაზ ჟორდანია
260 ## - PUBLICATION, DISTRIBUTION, ETC.
Place of publication, distribution, etc. თბილისი
260 ## - PUBLICATION, DISTRIBUTION, ETC.
Name of publisher, distributor, etc. ტექნიკური უნ–ტი
260 ## - PUBLICATION, DISTRIBUTION, ETC.
Date of publication, distribution, etc. 2006
300 ## - PHYSICAL DESCRIPTION
Extent 138გვ.ნახ.ილ.28სმ.
653 ## - INDEX TERM--UNCONTROLLED
Uncontrolled term საბათქაშე სამუშაოთა წარმოების ტექნოლოგია
942 ## - ADDED ENTRY ELEMENTS (KOHA)
Koha item type წიგნი
ეგზემპლარები
Withdrawn status Lost status Damaged status Not for loan Date acquired Barcode Date last seen Price effective from Koha item type Public note
        2018-12-17 34568 2018-12-17 2018-12-17 წიგნი ილია ჭავჭავაძის ბიბლიოთეკა
        2018-12-17 34569 2018-12-17 2018-12-17 წიგნი საინჟინრო–ტექნ. ფაკულტეტის ბიბლ–ია
        2018-12-17 34570 2018-12-17 2018-12-17 წიგნი საინჟინრო–ტექნ. ფაკულტეტის ბიბლ–ია
        2018-12-17 34571 2018-12-17 2018-12-17 წიგნი საინჟინრო–ტექნ. ფაკულტეტის ბიბლ–ია
        2018-12-17 34572 2018-12-17 2018-12-17 წიგნი საინჟინრო–ტექნ. ფაკულტეტის ბიბლ–ია
        2018-12-17 34573 2018-12-17 2018-12-17 წიგნი საინჟინრო–ტექნ. ფაკულტეტის ბიბლ–ია
        2018-12-17 34574 2018-12-17 2018-12-17 წიგნი საინჟინრო–ტექნ. ფაკულტეტის ბიბლ–ია
        2018-12-17 34575 2018-12-17 2018-12-17 წიგნი საინჟინრო–ტექნ. ფაკულტეტის ბიბლ–ია
        2018-12-17 34576 2018-12-17 2018-12-17 წიგნი საინჟინრო–ტექნ. ფაკულტეტის ბიბლ–ია
        2018-12-17 34577 2018-12-17 2018-12-17 წიგნი საინჟინრო–ტექნ. ფაკულტეტის ბიბლ–ია